Southville International School and Colleges
Your cart is empty.
  • Cart
  • Lists
    Public lists Eva Luna New books Lux_list list_1
    Your lists Log in to create your own lists
  • Log in to your account
  • Your cookies
  • Search history
Southville International School and Colleges
  • Advanced search
  • Recent comments
  • Most popular
  • Libraries

Log in to your account

Log in with GOOGLE


If you do not have an external account, but do have a local account, you can still log in:

  1. Home
  2. MARC view: Drums, girls & dangerous pie /
Normal view MARC view ISBD view

Drums, girls & dangerous pie / (Record no. 34212)

[ view plain ]
MARC details
000 -LEADER
fixed length control field 01493cam a2200409 a 4500
001 - CONTROL NUMBER
control field 13301363
003 - CONTROL NUMBER IDENTIFIER
control field OSt
005 - DATE AND TIME OF LATEST TRANSACTION
control field 20140310184420.0
008 - FIXED-LENGTH DATA ELEMENTS--GENERAL INFORMATION
fixed length control field 030805s2004 idu c 000 1 eng
010 ## - LIBRARY OF CONGRESS CONTROL NUMBER
LC control number 2003111060
020 ## - INTERNATIONAL STANDARD BOOK NUMBER
International Standard Book Number 0439755204
040 ## - CATALOGING SOURCE
Original cataloging agency DLC
Transcribing agency DLC
Modifying agency DLC
042 ## - AUTHENTICATION CODE
Authentication code lcac
050 00 - LIBRARY OF CONGRESS CALL NUMBER
Classification number PZ 7
Item number .S6984Dr 2006
082 00 - DEWEY DECIMAL CLASSIFICATION NUMBER
Classification number [Fic]
100 1# - MAIN ENTRY--PERSONAL NAME
Personal name Sonnenblick, Jordan.
9 (RLIN) 24114
245 10 - TITLE STATEMENT
Title Drums, girls & dangerous pie /
Statement of responsibility, etc Jordan Sonnenblick.
246 3# - VARYING FORM OF TITLE
Title proper/short title Drums, girls, and dangerous pie
250 ## - EDITION STATEMENT
Edition statement 1st DayBue Pub. ed.
260 ## - PUBLICATION, DISTRIBUTION, ETC. (IMPRINT)
Place of publication, distribution, etc Ketchum, Idaho :
Name of publisher, distributor, etc DayBue Insights,
Date of publication, distribution, etc 2006
300 ## - PHYSICAL DESCRIPTION
Extent vi, 182 p. ;
Dimensions 20 cm.
520 ## - SUMMARY, ETC.
Summary, etc The life of eighth-grader Steven Alper, already complicated by his friendship with two girls and a prodigious talent for drumming, is turned upside down when his five-year-old brother Jeffrey is diagnosed with leukemia.
521 ## - TARGET AUDIENCE NOTE
Target audience note
526 ## - STUDY PROGRAM INFORMATION NOTE
Reading level 940
562 ## - COPY AND VERSION IDENTIFICATION NOTE
Number of copies For circulation. 1 copy available in the collection.
650 #1 - SUBJECT ADDED ENTRY--TOPICAL TERM
Topical term or geographic name as entry element Brothers
Form subdivision Fiction.
9 (RLIN) 26614
650 #1 - SUBJECT ADDED ENTRY--TOPICAL TERM
Topical term or geographic name as entry element Leukemia
Form subdivision Fiction.
9 (RLIN) 26615
650 #1 - SUBJECT ADDED ENTRY--TOPICAL TERM
Topical term or geographic name as entry element Friendship
Form subdivision Fiction.
9 (RLIN) 26616
650 #1 - SUBJECT ADDED ENTRY--TOPICAL TERM
Topical term or geographic name as entry element Family life
Form subdivision Fiction.
9 (RLIN) 26617
650 #1 - SUBJECT ADDED ENTRY--TOPICAL TERM
Topical term or geographic name as entry element Drum
Form subdivision Fiction.
9 (RLIN) 26618
650 #1 - SUBJECT ADDED ENTRY--TOPICAL TERM
Topical term or geographic name as entry element Middle schools
Form subdivision Fiction.
9 (RLIN) 26619
650 #1 - SUBJECT ADDED ENTRY--TOPICAL TERM
Topical term or geographic name as entry element Schools
Form subdivision Fiction.
9 (RLIN) 26620
906 ## - LOCAL DATA ELEMENT F, LDF (RLIN)
a 7
b cbc
c orignew
d 2
e epcn
f 20
g y-gencatlg
942 ## - ADDED ENTRY ELEMENTS (KOHA)
Source of classification or shelving scheme Library of Congress Classification
Koha item type
Holdings
Withdrawn status Lost status Source of classification or shelving scheme Damaged status Home library Current library Shelving location Date acquired Total Checkouts Full call number Barcode Date last seen Copy number Price effective from Koha item type
    Library of Congress Classification   Luxembourg Library Luxembourg Library Scholastic Reading Center Section 10/08/2013   PZ 7 .So6984Dr 2006 LEX2735 04/18/2017 1 10/08/2013 Books

Drums, girls & dangerous pie /

APA

Sonnenblick J., . (2006). Drums, girls & dangerous pie. Ketchum, Idaho: DayBue Insights.

Chicago

Sonnenblick Jordan, . 2006. Drums, girls & dangerous pie. Ketchum, Idaho: DayBue Insights.

Harvard

Sonnenblick J., . (2006). Drums, girls & dangerous pie. Ketchum, Idaho: DayBue Insights.

MLA

Sonnenblick Jordan, . Drums, girls & dangerous pie. Ketchum, Idaho: DayBue Insights. 2006.

  • Place hold
  • Print
  • Cite
  • Add to your cart (remove)
  • Save record
    BIBTEX Dublin Core MARCXML MARC (non-Unicode/MARC-8) MARC (Unicode/UTF-8) MARC (Unicode/UTF-8, Standard) MODS (XML) RIS
  • More searches
    Search for this title in:
    Other Libraries (WorldCat) Other Databases (Google Scholar) Online Stores (Bookfinder.com) Open Library (openlibrary.org)

Exporting to Dublin Core...

SOUTHVILLE LIBRARY

Southville International School and Colleges Library

1281 Tropical Ave. Cor. Luxembourg St., BF Homes International, Las Pinas City

Tel. No. 8256374 / 252358 Loc. 117/146

Powered by Koha